| 000 | 00878nam2a22002411 4500 | ||
|---|---|---|---|
| 001 | RU\NLR\INFOCOMM9\5000117975 | ||
| 005 | 20250616235151.0 | ||
| 035 | _a(NLR Aleph) 002292816 | ||
| 090 |
_a4150234 _c4150234 |
||
| 100 | _a20051012d2003 |||y0rusy50 ca | ||
| 101 | 0 | _arus | |
| 102 | _aRU | ||
| 105 | _ay ||||000|y | ||
| 200 | 0 | _a2003, №3(дек.) | |
| 210 |
_d2003 _aБ. м. |
||
| 461 | 0 |
_1001RU\NLR\INFOCOMM9\5000117973 _12001#$aОхота по всему миру$eЖурн. охотничьего клуба "Сафари"$v2003, №3(дек.) _94204706 _cМ. _d2003- _nПетро-Пресс _oЖурн. охотничьего клуба "Сафари" _tОхота по всему миру _v2003, №3(дек.) |
|
| 801 | 1 |
_aRU _bInfoComm _c20051012 |
|
| 801 | 0 |
_aRU _bNLR _gPSBO |
|
| 852 |
_aNLR _jП14/1051 |
||
| 942 | _cISSUE | ||
| 980 | _aNB | ||
| 980 | _aRUSPER | ||